| 000 | 00558nam a2200205Ia 4500 | ||
|---|---|---|---|
| 005 | 20250923145552.0 | ||
| 008 | 008 250917s9999 xx 000 0 eng d | ||
| 037 | _aTextual | ||
| 040 |
_aDSWL _beng _cDSWL |
||
| 041 |
_aeng _2eng |
||
| 084 |
_aX:31, N79 _qDSWL |
||
| 100 |
_aFei, J.C.H. _9836695 |
||
| 245 | 0 |
_aGrowth with equity: The Taiwan case _c by J.C.H. Fei |
|
| 260 |
_aLondon _bOxford _c1979 |
||
| 300 | _axxii,422p. | ||
| 365 |
_aGBP _b3.25 |
||
| 925 | _g3.25 | ||
| 942 |
_cTEXL _hX:31, N79 |
||
| 999 |
_c1452953 _d1452953 |
||